<?xml version="1.0" encoding="UTF-8"?>
<marc:record xmlns:marc="http://www.loc.gov/MARC21/slim">
   <marc:leader>00000nam a2200000 a 4500</marc:leader>
   <marc:datafield ind1="1" ind2=" " tag="100">
      <marc:subfield code="a">Damm, Antje</marc:subfield>
      <marc:subfield code="4">aut</marc:subfield>
      <marc:subfield code="e">Verfasser/-in</marc:subfield>
   </marc:datafield>
   <marc:datafield ind1="0" ind2="0" tag="245">
      <marc:subfield code="a">Regenwurmtage</marc:subfield>
   </marc:datafield>
   <marc:datafield ind1="0" ind2="0" tag="245">
      <marc:subfield code="c">Damm, Antje</marc:subfield>
   </marc:datafield>
   <marc:datafield ind1=" " ind2="1" tag="264">
      <marc:subfield code="a">Frankfurt a. M.</marc:subfield>
      <marc:subfield code="b">Moritz-Verl.</marc:subfield>
      <marc:subfield code="c">2011</marc:subfield>
   </marc:datafield>
   <marc:datafield ind1="1" ind2=" " tag="520">
      <marc:subfield code="a">Quelle: bn.bibliotheksnachrichten (http://www.biblio.at/literatur/bn/index.html); &#xD;
Autor: Norbert Allmer; &#xD;
Anlaufschwierigkeiten am Schulbeginn (ab 6) (JE)&#xD;
&#xD;
Ida, ein verträumtes Mädchen, kommt in die Schule. Freude und gewisse Ängste mischen sich. Als Ida einen Buben als Sitznachbarn bekommt, bricht ihre Welt fast zusammen. Doch beide verbindet die Sorge um Regenwürmer, die sie auf dem Weg zur Schule "retten".&#xD;
Erstmals hat hier Antje Damm nicht nur gewohnt bunt illustriert, sondern auch selber kindgerecht fabuliert. Ein tolles Kinderbuch zur Situation um den Schulanfang, die für Taferlklassler und deren Eltern alles andere als unbekannt sein wird.</marc:subfield>
   </marc:datafield>
   <marc:datafield ind1=" " ind2=" " tag="020">
      <marc:subfield code="a">9783895652332</marc:subfield>
      <marc:subfield code="9">9783895652332</marc:subfield>
   </marc:datafield>
   <marc:datafield ind1=" " ind2=" " tag="020">
      <marc:subfield code="a">3895652334</marc:subfield>
      <marc:subfield code="9">3895652334</marc:subfield>
   </marc:datafield>
   <marc:datafield ind1=" " ind2=" " tag="041">
      <marc:subfield code="a">ger</marc:subfield>
   </marc:datafield>
   <marc:datafield ind1=" " ind2=" " tag="300">
      <marc:subfield code="b">Ill.</marc:subfield>
   </marc:datafield>
   <marc:datafield ind1=" " ind2=" " tag="338">
      <marc:subfield code="a">Band</marc:subfield>
   </marc:datafield>
   <marc:datafield ind1=" " ind2=" " tag="300">
      <marc:subfield code="a">51 S.</marc:subfield>
   </marc:datafield>
</marc:record>
